HARRISON'S INTERNAL MEDICINE (Record no. 23032)

MARC details
000 -LEADER
fixed length control field 00352nam a22001577a 4500
003 - CONTROL NUMBER IDENTIFIER
control field SGT
020 ## - INTERNATIONAL STANDARD BOOK NUMBER
International Standard Book Number 978126428582
082 ## - DEWEY DECIMAL CLASSIFICATION NUMBER
Classification number 616
Item number H22L
100 ## - MAIN ENTRY--PERSONAL NAME
Personal name LOSCALZO, JOSEPH, ed.
245 ## - TITLE STATEMENT
Title HARRISON'S INTERNAL MEDICINE
250 ## - EDITION STATEMENT
Edition statement 21TH
260 ## - PUBLICATION, DISTRIBUTION, ETC. (IMPRINT)
Place of publication, distribution, etc NEW YORK
Name of publisher, distributor, etc MC GRAW HILL
Year of Publication 2022
300 ## - PAGE DESCRIPTION
No. of Pages I-211,I-235
650 ## - SUBJECT ADDED ENTRY--TOPICAL TERM
Topical term or geographic name as entry element MEDICINE
942 ## - ADDED ENTRY ELEMENTS (KOHA)
Source of classification or shelving scheme Dewey Decimal Classification
Koha item type Books
Holdings
Withdrawn status Lost status Source of classification or shelving scheme Damaged status Use restrictions Not for loan Collection code Home library Current library Shelving location Date acquired Vendor Name Cost, normal purchase price Volume Information (Serial or Books or Non-Book Material) SGTU Bill Number Full call number Accession No. (Barcode) Date last seen Bill Date Koha item type
    Dewey Decimal Classification   Restricted Access   PHARMACY SGT FA-FP Library SGT FA-FP Library Reference Book 21/07/2022 AHUJA PUBLICATION 13656.00 1 SGTU 14705 616 H22L FP4503 21/07/2022 22/06/2022 Books
    Dewey Decimal Classification   Restricted Access   PHARMACY SGT FA-FP Library SGT FA-FP Library Reference Book 21/07/2022 AHUJA PUBLICATION 13656.00 2 SGTU 14705 616 H22L FP4504 21/07/2022 22/06/2022 Books